Modelovanie transportu syntetických špecifických látok do vodného prostredia diplomová práca

Gespeichert in:
Bibliographische Detailangaben
1. Verfasser: Fajnorová, Soňa
Format: Buch
Sprache:Slowakisch
Veröffentlicht: Bratislava STU FCHPT 2015
Online-Zugang:Im OPAC anzeigen
Tags: Tag hinzufügen
Keine Tags, Fügen Sie das erste Tag hinzu!

MARC

LEADER 00000nam a2200000 a 4500
005 20260127134117.0
008 151201 2015 000 0 slo d
035 |a vtls011425260 
039 9 |y 201512010859  |z mschk03 
040 |a STUSCHK1  |b slo  |c STUSCHK1  |e AACR2 
100 1 |a Fajnorová, Soňa 
245 1 |a Modelovanie transportu syntetických špecifických látok do vodného prostredia  |b diplomová práca  |c Soňa Fajnorová 
260 |a Bratislava  |b STU FCHPT  |c 2015 
300 |a 62 s.  |b il.  |c 25 cm 
500 |a Študijný program: technológie ochrany životného prostredia 
500 |a Študijný odbor: chemické technológie 
500 |a Školiace pracovisko: Odd. environmentálneho inžinierstva 
500 |a Evid. číslo: FCHPT-100568-43439 
910 |a SCHK95 
999 |c 4309  |d 4309